Alvar ja Aino Aalto Lasin Mutoilijoina (Record no. 10947)

MARC details
000 -CABECERA
campo de control de longitud fija 01200nam a22003137a 4500
001 - NÚMERO DE CONTROL
campo de control BRCA_9325
003 - IDENTIFICADOR DEL NÚMERO DE CONTROL
campo de control FranzMayer
005 - FECHA Y HORA DE LA ÚLTIMA TRANSACCIÓN
campo de control 20230918120247.0
008 - DATOS DE LONGITUD FIJA--INFORMACIÓN GENERAL
campo de control de longitud fija 230823b |||||||| |||| 00| 0 eng d
020 ## - NÚMERO INTERNACIONAL ESTÁNDAR DEL LIBRO
Número Internacional Estándar del Libro 8519994815
040 ## - FUENTE DE LA CATALOGACIÓN
Centro catalogador/agencia de origen MFM
Lengua de catalogación esp
Centro/agencia transcriptor MFM
050 #0 - SIGNATURA TOPOGRÁFICA DE LA BIBLIOTECA DEL CONGRESO
Número de clasificación NK110.5
Número de documento/Ítem .I88 1988
110 1# - ENTRADA PRINCIPAL--NOMBRE DE ENTIDAD CORPORATIVA
Nombre de entidad corporativa o nombre de jurisdicción como elemento de entrada Ittala Glass Museum
9 (RLIN) 29125
240 ## - TÍTULO UNIFORME
Título uniforme Alvar ja Aino Aalto Lasin Mutoilijoina
Medio Alvar and Aino Aalto as Glass Designers
Lenguaje de la obra Inglés/Fines
245 0# - MENCIÓN DE TÍTULO
Título Alvar ja Aino Aalto Lasin Mutoilijoina
Resto del título Alvar and Aino Aalto as Glass Designers
260 ## - PUBLICACIÓN, DISTRIBUCIÓN, ETC.
Lugar de publicación, distribución, etc. Finlandia
Nombre del editor, distribuidor, etc. Ittala Museum Glass
Fecha de publicación, distribución, etc. 1988
300 ## - DESCRIPCIÓN FÍSICA
Extensión 1 v
Otras características físicas Ilustraciones a color
Dimensiones 20 cm
500 ## - NOTA GENERAL
Nota general Anexo 1
500 ## - NOTA GENERAL
Nota general El libro no se encuentra numerado
500 ## - NOTA GENERAL
Nota general El libro contiene una cubierta exterior
505 ## - NOTA DE CONTENIDO CON FORMATO
Nota de contenido con formato Texto en: inglés y finesDirigido a: artistas, artesanos o personas interesadas en el arte.
650 1# - PUNTO DE ACCESO ADICIONAL DE MATERIA--TÉRMINO DE MATERIA
Fuente del encabezamiento o término Artes decorativas
Término de materia o nombre geográfico como elemento de entrada Ornamentación y decoración
Subdivisión de forma Vidrio
9 (RLIN) 29126
700 1# - PUNTO DE ACCESO ADICIONAL--NOMBRE DE PERSONA
Código de función/relación Col
Nombre de persona Grönstrand, Satu
9 (RLIN) 29127
700 1# - PUNTO DE ACCESO ADICIONAL--NOMBRE DE PERSONA
Código de función/relación Col.
Nombre de persona Kivikoski, Juhani
9 (RLIN) 29128
700 1# - PUNTO DE ACCESO ADICIONAL--NOMBRE DE PERSONA
Código de función/relación Col.
Nombre de persona Kokko, Valto
9 (RLIN) 29129
700 1# - PUNTO DE ACCESO ADICIONAL--NOMBRE DE PERSONA
Código de función/relación Col.
Nombre de persona Koskinen, EIno.
9 (RLIN) 29130
700 1# - PUNTO DE ACCESO ADICIONAL--NOMBRE DE PERSONA
Código de función/relación Foto
Nombre de persona Kylänpää, Antti
9 (RLIN) 29131
942 ## - ELEMENTOS DE PUNTO DE ACCESO ADICIONAL (KOHA)
Fuente del sistema de clasificación o colocación Library of Congress Classification
Tipo de ítem Koha Libros
Holdings
Estado de retiro Estado de pérdida Fuente del sistema de clasificación o colocación Estado dañado No para préstamo Código de colección Localización permanente Ubicación/localización actual Fecha de adquisición Total de préstamos Signatura topográfica completa Código de barras Fecha visto por última vez Precio válido a partir de Tipo de ítem Koha
El ejemplar forma parte de la colección y puede ser consultado según las políticas vigentes.   Library of Congress Classification     Fondo Contemporáneo Biblioteca del Museo Franz Mayer (Rogerio Casas-Alatriste) Biblioteca del Museo Franz Mayer (Rogerio Casas-Alatriste) 23/08/2023   NK110.5 .I88 1988 CONT10081 23/08/2023 23/08/2023 Libros